00580nam a2200169Ia 4500008004100000020001500041041000800056082001700064100002200081245009300103250000600196260004400202300001200246650002300258999001900281952011000300210716s1992 xx 000 0 und d a0195073479 aeng a658.834 SCIT aScitovsky, Tibor. aJoyless economiy: psychology of human satisfaction.bPsychology of human satisfaction. a1 aNew YorkbOxford University Pressc1992 axiv,334 aMarketing Research c198475d198475 001040708MBAaAIMITbAIMITd2021-07-16l0o658.834 SCITpMBA01040r2026-05-23 00:00:00w2021-07-16yBK